| 000 | 00609nam a2200193 a 4500 | ||
|---|---|---|---|
| 003 | OSt | ||
| 005 | 20240226121727.0 | ||
| 008 | 180228t2016 pk | |||| 00| f urd d | ||
| 040 | _c0 | ||
| 082 |
_a891.4393 _bHAJ 2016 |
||
| 100 | 1 | 0 |
_aحجازی،نسيم _947098 |
| 245 | 1 | 0 |
_aيُوسف بن تاشفين _cNaseem Khjazi |
| 246 | _aYousaf bin Tashfeen | ||
| 260 |
_aLahore: _bJahangir Books; _c2016. |
||
| 300 | _a480 p. | ||
| 650 |
_aUrdu literature _vNoval _9121292 |
||
| 942 |
_2ddc _cBK _aSADA _k891.4393 HAJ 2016 |
||
| 999 |
_c608171 _d608171 |
||